Новый англо-русский словарь: около 60 000 слов

Detalles Bibliográficos
Otros Autores: Мюллер В. К., Дашевская В. Л., Каплан В. А., Романова С. П.
Lenguaje:ruso
inglés
Publicado: Москва, Русский язык, 1994
Materias:
Formato: Libro
KOHA link:https://koha.lib.tpu.ru/cgi-bin/koha/opac-detail.pl?biblionumber=57518

MARC

LEADER 00000nam0a2200000 4500
001 57518
005 20231031054252.0
010 |a 5200021944 
035 |a (RuTPU)RU\TPU\book\60685 
035 |a RU\TPU\book\46742 
090 |a 57518 
100 |a 20031105d1994 m y0rusy50 ca 
101 0 |a rus  |a eng 
102 |a RU 
105 |a y e 000zy 
200 1 |a Новый англо-русский словарь  |e около 60 000 слов  |f В. К. Мюллер, В. Л. Дашевская, В. А. Каплан, С. П. Романова 
210 |a Москва  |c Русский язык  |d 1994 
215 |a 880 с. 
510 1 |a Modern English-Russian Dictionary  |z eng 
610 1 |a английский язык 
610 1 |a лексика 
610 1 |a словари 
686 |a Ш143.21-4  |v LBC/SL-A  |2 rubbk 
701 1 |a Мюллер  |b В. К. 
701 1 |a Дашевская  |b В. Л. 
701 1 |a Каплан  |b В. А. 
701 1 |a Романова  |b С. П. 
801 2 |a RU  |b 63413507  |c 20120712  |g PSBO 
942 |c BK